| 000 | 00539nam a2200193Ia 4500 | ||
|---|---|---|---|
| 005 | 20230803114605.0 | ||
| 008 | 131103s9999 xx 000 0 und d | ||
| 040 | _aLoreto College | ||
| 041 | _aEnglish | ||
| 082 |
_a920 _bKIE-DRU |
||
| 245 | 4 |
_aThe Journals of Soren Kierkegaard _b a selection _cedited and translated by Alexander Dru |
|
| 260 |
_aLondon _bCollins _c1938 (1965 printing) |
||
| 300 | _a254 p. | ||
| 650 | _aKierkegaard,Soren | ||
| 651 | _aBiography | ||
| 700 | _aDru,Alexander,ed. | ||
| 850 | _aLCLIB | ||
| 942 | _cBK | ||
| 999 |
_c12311 _d62790 |
||